[Event "M.Chigorin Memorial 2017 "]
[Site "?????-?????????"]
[Date "2017.10.25"]
[Round "5"]
[Board "96"]
[White "Yarosh, Ruslan"]
[Black "Azimov, Ilyas"]
[Result "0-1"]
[WhiteElo "2019"]
[BlackElo "2195"]
[PlyCount "86"]
[EventDate "2017.10.21"]
[EventRounds "9"]
[EventCountry "RUS"]

1. e4 c5 2. Nf3 Nc6 3. Bb5 g6 4. Bxc6 dxc6 5. d3 Bg7 6. O-O e5 7. Be3 b6 8.
Nbd2 Ne7 9. Nc4 Qc7 10. Nfd2 O-O 11. f4 exf4 12. Bxf4 Qd8 13. Nf3 Be6 14. c3 h6
15. Qe2 Qc8 16. Rad1 Qa6 17. a3 Rad8 18. Nfe5 Kh7 19. Ne3 f6 20. N5c4 f5 21.
Bd6 Rf7 22. g3 b5 23. Bxe7 Rxe7 24. Nd2 b4 25. axb4 cxb4 26. cxb4 Qxd3 27. Qxd3
Rxd3 28. Kf2 Bd4 29. Rfe1 fxe4 30. Ndf1 Bg4 31. Rc1 Rf7+ 32. Kg1 Bh3 33. Kh1
Rf2 34. b3 Rxb3 35. Rcd1 Rxb4 36. Rb1 Rxb1 37. Rxb1 Bxf1 38. Nxf1 a5 39. Rd1 c5
40. h3 a4 41. Nh2 h5 42. g4 a3 43. gxh5 gxh5  0-1

[Event "M.Chigorin Memorial 2017 "]
[Site "?????-?????????"]
[Date "2017.10.25"]
[Round "5"]
[Board "97"]
[White "Poznyak, Nazar"]
[Black "Kotau, Arseni"]
[Result "1-0"]
[WhiteElo "2014"]
[BlackElo "2187"]
[PlyCount "93"]
[EventDate "2017.10.21"]
[EventRounds "9"]
[EventCountry "RUS"]

1. d4 Nf6 2. c4 g6 3. Nc3 Bg7 4. e4 d6 5. Be2 O-O 6. Nf3 Bg4 7. Ng1 Bxe2 8.
Ngxe2 c5 9. dxc5 dxc5 10. O-O Nc6 11. Be3 b6 12. f3 Qxd1 13. Rfxd1 Rfd8 14. b3
e6 15. Rac1 h6 16. Nb5 g5 17. h3 Nb4 18. a3 Rxd1+ 19. Rxd1 Nc6 20. Rd3 Nh7 21.
Kf2 Nf8 22. g3 f5 23. exf5 exf5 24. Rd5 Ne7 25. Rd6 Neg6 26. b4 Ne5 27. bxc5
Nxc4 28. Rd5 Nxe3 29. Kxe3 bxc5 30. Rxc5 f4+ 31. gxf4 Re8+ 32. Kf2 Ne6 33. Rc4
Nxf4 34. Nxf4 gxf4 35. Nxa7 Re3 36. Nb5 Rb3 37. a4 Rb2+ 38. Kf1 Rb1+ 39. Ke2
Be5 40. Re4 Bf6 41. Rxf4 Bg5 42. Rc4 Rb2+ 43. Kd3 Rh2 44. Ke4 Rxh3 45. a5 Rh1
46. a6 Re1+ 47. Kf5  1-0

[Event "M.Chigorin Memorial 2017 "]
[Site "?????-?????????"]
[Date "2017.10.25"]
[Round "5"]
[Board "98"]
[White "Oglaza, Oskar"]
[Black "Ansat, Aldiyar"]
[Result "1-0"]
[WhiteElo "2182"]
[BlackElo "1996"]
[PlyCount "93"]
[EventDate "2017.10.21"]
[EventRounds "9"]
[EventCountry "RUS"]

1. e4 c5 2. Ne2 d6 3. g3 Nc6 4. Bg2 g6 5. c3 Bg7 6. d4 cxd4 7. cxd4 e6 8. O-O
Nge7 9. Nbc3 O-O 10. Be3 b6 11. Qd2 Bb7 12. Rac1 Rc8 13. b3 Qd7 14. f4 Nd8 15.
Rfe1 d5 16. e5 Ba6 17. g4 Bxe2 18. Qxe2 f5 19. g5 Nec6 20. h4 Re8 21. Kf2 Kf7
22. Qb5 Bf8 23. Qa4 Qb7 24. Bf1 a5 25. a3 Na7 26. h5 Be7 27. Be2 Ndc6 28. Nb5
Red8 29. Rh1 Rh8 30. Bd2 Nxb5 31. Bxb5 Na7 32. b4 Rxc1 33. hxg6+ hxg6 34. Rxh8
Rc8 35. Rh7+ Kg8 36. Rh6 Nxb5 37. Qxb5 Kg7 38. Qd3 Kf7 39. Rh7+ Ke8 40. Rg7 Rc4
41. Qh3 Qc7 42. Qh8+ Kd7 43. Qh7 Qd8 44. Rg8 Qc7 45. Qxg6 Kc6 46. Qe8+ Qd7 47.
b5+  1-0

[Event "M.Chigorin Memorial 2017 "]
[Site "?????-?????????"]
[Date "2017.10.25"]
[Round "5"]
[Board "99"]
[White "Zhou, Guijue"]
[Black "Kundianok, Vladislav"]
[Result "1-0"]
[WhiteElo "2179"]
[BlackElo "1993"]
[PlyCount "119"]
[EventDate "2017.10.21"]
[EventRounds "9"]
[EventCountry "RUS"]

1. e4 c5 2. Nf3 d6 3. d4 cxd4 4. Nxd4 Nf6 5. Nc3 a6 6. g3 e5 7. Nde2 Be6 8. Bg2
Be7 9. a4 Nc6 10. O-O O-O 11. b3 Nb4 12. Nd5 Nfxd5 13. exd5 Bf5 14. c3 Nd3 15.
Be3 Bg5 16. f4 exf4 17. gxf4 Qe7 18. Qd2 Rfe8 19. Ng3 Bg6 20. Rf3 Bh6 21. Bf1
Be4 22. Nxe4 Qxe4 23. Kg2 Nc5 24. Bxc5 dxc5 25. Bd3 Qe7 26. Raf1 Qd6 27. a5 Kh8
28. c4 Re7 29. Rb1 Rg8 30. h4 Qf6 31. Qf2 Rge8 32. b4 Re2 33. Bxe2 Qg6+ 34. Kh2
Qxb1 35. bxc5 Qa2 36. Bf1 Qxa5 37. d6 g6 38. f5 Qa4 39. Qb2+ Bg7 40. f6 Bh6 41.
Qxb7 Qc2+ 42. Kh1 Qd1 43. Qc6 Rd8 44. Qe4 Bf8 45. Kg2 Qa4 46. Rd3 Re8 47. Qd5
Bh6 48. d7 Rd8 49. c6 Qc2+ 50. Kf3 Qc1 51. Kg2 Qc2+ 52. Kg1 Bf4 53. Bg2 Qc1+
54. Kf2 Qb2+ 55. Kf1 Qxf6 56. Qf3 Qa1+ 57. Rd1 Qe5 58. Re1 Qc7 59. Qc3+ Kg8 60.
Re8+  1-0

[Event "M.Chigorin Memorial 2017 "]
[Site "?????-?????????"]
[Date "2017.10.25"]
[Round "5"]
[Board "100"]
[White "Petrova, Irina"]
[Black "Gordon, Evgeny"]
[Result "1-0"]
[WhiteElo "2174"]
[BlackElo "1990"]
[PlyCount "71"]
[EventDate "2017.10.21"]
[EventRounds "9"]
[EventCountry "RUS"]

1. e4 d6 2. d4 Nf6 3. Nc3 e5 4. Nf3 Nbd7 5. g4 Nxg4 6. Rg1 Ngf6 7. Bc4 h6 8.
Be3 c6 9. dxe5 dxe5 10. Qd3 b5 11. Bxf7+ Kxf7 12. Nxe5+ Nxe5 13. Qxd8 Nf3+ 14.
Kd1 Nxg1 15. Qc7+ Be7 16. f3 Nxf3 17. Bc5 Bd7 18. Bxe7 Kxe7 19. e5 Ne8 20. Qb7
Rd8 21. Qxa7 g5 22. Ke2 g4 23. Rd1 Ng5 24. Rf1 Nf3 25. Ne4 Rf8 26. Rd1 Rf5 27.
e6 Kxe6 28. Nc5+ Rxc5 29. Qxc5 Ne5 30. Kf1 Nf3 31. Qe3+ Kf7 32. Qxh6 Ng7 33.
Qf4+ Ke7 34. Qd6+ Ke8 35. Qg6+ Kf8 36. Qf6+  1-0

[Event "M.Chigorin Memorial 2017 "]
[Site "?????-?????????"]
[Date "2017.10.25"]
[Round "5"]
[Board "101"]
[White "Dmitriev, Vladimir"]
[Black "Komov, Roman"]
[Result "0-1"]
[WhiteElo "2013"]
[BlackElo "2168"]
[PlyCount "112"]
[EventDate "2017.10.21"]
[EventRounds "9"]
[EventCountry "RUS"]

1. e4 c5 2. Nc3 e6 3. g3 d5 4. Bg2 d4 5. Nce2 d3 6. cxd3 Nc6 7. d4 cxd4 8. d3
Qa5+ 9. Bd2 Qb5 10. Qc2 Nb4 11. Bxb4 Bxb4+ 12. Kf1 e5 13. f4 Nh6 14. h3 f6 15.
Nf3 Nf7 16. Qb3 Bd7 17. Rc1 Bd6 18. Nd2 Qxb3 19. Nxb3 Bb5 20. Na5 Bxd3 21. Nxb7
Rb8 22. Nxd6+ Nxd6 23. b3 Kd7 24. Rd1 Bxe4 25. Bxe4 Nxe4 26. Kg2 Rbc8 27. Rhe1
Rc2 28. Kf3 Nd2+ 29. Kg4 g6 30. fxe5 h5+ 31. Kf4 fxe5+ 32. Kxe5 Nf3+ 33. Kf6
Nxe1 34. Nxd4 Rf2+ 35. Kg7 Re8 36. Nf3+ Kc7 37. Rxe1 Rxe1 38. Nxe1 Re2 39. Nf3
Re3 40. Ng5 Rxg3 41. Kxg6 h4 42. Kh5 Rg2 43. a4 Rb2 44. Ne6+ Kd6 45. Nd4 Kc5
46. Ne6+ Kd6 47. Nd4 a5 48. Kxh4 Kd5 49. Nb5 Rxb3 50. Kg4 Rxb5 51. axb5 a4 52.
b6 Kc6 53. h4 a3 54. h5 a2 55. h6 a1=Q 56. Kg5 Qh8  0-1

[Event "M.Chigorin Memorial 2017 "]
[Site "?????-?????????"]
[Date "2017.10.25"]
[Round "5"]
[Board "102"]
[White "Volkov, Roman"]
[Black "Atakishiyev, Elmar"]
[Result "1-0"]
[WhiteElo "2165"]
[BlackElo "1969"]
[PlyCount "59"]
[EventDate "2017.10.21"]
[EventRounds "9"]
[EventCountry "RUS"]

1. e4 e6 2. d4 d5 3. Nd2 a6 4. Ngf3 c5 5. dxc5 Bxc5 6. Bd3 Nc6 7. O-O Nge7 8.
a3 O-O 9. b4 Ba7 10. Bb2 Ng6 11. g3 e5 12. exd5 Qxd5 13. Be4 Qe6 14. c4 Rd8 15.
Qc2 Nce7 16. Rfe1 f5 17. Bd3 e4 18. Nxe4 fxe4 19. Bxe4 Qf7 20. Ng5 Qf8 21. c5
Kh8 22. h4 Nxh4 23. gxh4 Qf4 24. Qc3 Rg8 25. Bd5 Qg4+ 26. Kf1 h6 27. Rxe7 hxg5
28. Rxg7 Qh3+ 29. Kg1 Qg4+ 30. Bg2  1-0

[Event "M.Chigorin Memorial 2017 "]
[Site "?????-?????????"]
[Date "2017.10.25"]
[Round "5"]
[Board "103"]
[White "Sergeeva, Natalia"]
[Black "Derli, Olga"]
[Result "0-1"]
[WhiteElo "1994"]
[BlackElo "2162"]
[PlyCount "90"]
[EventDate "2017.10.21"]
[EventRounds "9"]
[EventCountry "RUS"]

1. e4 e6 2. d4 d5 3. Nd2 Nc6 4. Ngf3 Nf6 5. e5 Nd7 6. Nb3 f6 7. exf6 Qxf6 8.
Bg5 Qf7 9. Bh4 Bd6 10. Ng5 Qg6 11. Bd3 Qh6 12. g3 e5 13. dxe5 Ndxe5 14. f4
Nxd3+ 15. Qxd3 Ne7 16. Nf3 Bf5 17. Qb5+ c6 18. Qe2 O-O 19. Bxe7 Bxe7 20. O-O-O
Bd6 21. Kb1 a5 22. Nbd4 Be4 23. Rhf1 a4 24. Ng5 Rae8 25. Qd2 a3 26. Nxe4 Rxe4
27. c4 Bc5 28. Nb3 Be3 29. Qd3 Qxh2 30. bxa3 Rd8 31. cxd5 cxd5 32. Rh1 Qg2 33.
Rh5 Kf7 34. Rxd5 Rde8 35. Rf5+ Kg8 36. Qd5+ Kh8 37. Re5 R8xe5 38. fxe5 h6 39.
Qxb7 Kh7 40. Qd5 Qf3 41. Qd3 Kg8 42. Nd4 Rxd4 43. Qb3+ Qf7 44. Qb8+ Kh7 45.
Rxd4 Bxd4  0-1

[Event "M.Chigorin Memorial 2017 "]
[Site "?????-?????????"]
[Date "2017.10.25"]
[Round "5"]
[Board "104"]
[White "Scheglov, Dmitry"]
[Black "Natarov, Ilya"]
[Result "1/2-1/2"]
[WhiteElo "2155"]
[BlackElo "1961"]
[PlyCount "80"]
[EventDate "2017.10.21"]
[EventRounds "9"]
[EventCountry "RUS"]

1. e4 Nf6 2. e5 Nd5 3. c4 Nb6 4. d4 d6 5. f4 dxe5 6. fxe5 Bf5 7. Nc3 e6 8. Be3
Bb4 9. Nf3 c5 10. a3 cxd4 11. Bxd4 Be7 12. c5 Nd5 13. Qb3 Nxc3 14. Bxc3 Qc7 15.
Qa4+ Nd7 16. Rd1 Rd8 17. b4 Be4 18. Bb5 a6 19. Bxd7+ Rxd7 20. Rxd7 Qxd7 21.
Qxd7+ Kxd7 22. Ke2 Bxf3+ 23. gxf3 Kc6 24. Kd3 Rd8+ 25. Kc4 b6 26. cxb6 Kxb6 27.
Bd4+ Kb7 28. Rg1 g6 29. a4 Bxb4 30. Rb1 a5 31. Rg1 Kc6 32. Rg4 h5 33. Rf4 Rd7
34. Be3 Bf8 35. Rd4 Rxd4+ 36. Bxd4 Bb4 37. Be3 Be1 38. Bg5 Bb4 39. h3 Be1 40.
Bd8 Bb4  1/2-1/2

[Event "M.Chigorin Memorial 2017 "]
[Site "?????-?????????"]
[Date "2017.10.25"]
[Round "5"]
[Board "105"]
[White "Slugin, Yaroslav"]
[Black "Golikov, Daniil"]
[Result "0-1"]
[WhiteElo "1992"]
[BlackElo "2138"]
[PlyCount "42"]
[EventDate "2017.10.21"]
[EventRounds "9"]
[EventCountry "RUS"]

1. d4 Nf6 2. Nf3 g6 3. Bg5 Bg7 4. Nbd2 d5 5. e3 O-O 6. b4 Bf5 7. Be2 Nbd7 8.
O-O c6 9. c3 b6 10. a4 h6 11. Bh4 a5 12. Qb3 g5 13. Bg3 Ne4 14. Nxe4 dxe4 15.
Nd2 axb4 16. Qxb4 e5 17. Bxe5 Nxe5 18. dxe5 Qxd2 19. Bc4 Bxe5 20. Rac1 Qd6 21.
Qxb6 Rfb8  0-1

[Event "M.Chigorin Memorial 2017 "]
[Site "?????-?????????"]
[Date "2017.10.25"]
[Round "5"]
[Board "106"]
[White "Chekletsov, Egor"]
[Black "Lagashin, Pavel"]
[Result "1/2-1/2"]
[WhiteElo "1970"]
[BlackElo "2138"]
[PlyCount "116"]
[EventDate "2017.10.21"]
[EventRounds "9"]
[EventCountry "RUS"]

1. d4 f5 2. Bg5 g6 3. Nd2 Bg7 4. e4 fxe4 5. Nxe4 Nf6 6. Bd3 O-O 7. c3 d5 8.
Nxf6+ exf6 9. Be3 Nc6 10. h4 Ne7 11. h5 Bf5 12. hxg6 hxg6 13. Ne2 Kf7 14. Ng3
Bxd3 15. Qxd3 Qd7 16. O-O-O Rh8 17. Kb1 a5 18. Ne2 a4 19. c4 a3 20. b3 dxc4 21.
Qxc4+ Qd5 22. Nc3 Qxc4 23. bxc4 Rxh1 24. Rxh1 f5 25. Rd1 Nc6 26. Kc2 f4 27. d5
Nb4+ 28. Kb3 Nxa2 29. Nxa2 fxe3 30. fxe3 Bb2 31. Nb4 Re8 32. Nc2 Re4 33. Rf1+
Ke7 34. Rf4 Re5 35. Nxa3 Bxa3 36. Kxa3 Rxe3+ 37. Kb4 Rg3 38. Rf2 Kd6 39. Re2
Rg5 40. Re6+ Kd7 41. Re2 Rf5 42. Re6 Rg5 43. Re2 c6 44. Kc5 cxd5 45. cxd5 b6+
46. Kd4 Rg4+ 47. Ke5 Rg5+ 48. Kf6 Rxd5 49. Kxg6 b5 50. g4 b4 51. g5 Kd6 52. Kf6
Kc5 53. g6 Rd6+ 54. Kf7 Rd7+ 55. Kf8 Rd8+ 56. Ke7 Ra8 57. g7 b3 58. Kf7 Kd4
 1/2-1/2

[Event "M.Chigorin Memorial 2017 "]
[Site "?????-?????????"]
[Date "2017.10.25"]
[Round "5"]
[Board "107"]
[White "Pogorelskikh, Sofia"]
[Black "Kamnev, Alexander"]
[Result "1/2-1/2"]
[WhiteElo "1959"]
[BlackElo "2132"]
[PlyCount "94"]
[EventDate "2017.10.21"]
[EventRounds "9"]
[EventCountry "RUS"]

1. e4 c5 2. Nf3 d6 3. d4 cxd4 4. Nxd4 Nf6 5. Nc3 a6 6. Bg5 e6 7. f4 Be7 8. Qf3
Qc7 9. O-O-O Nbd7 10. Bd3 h6 11. Bh4 Nc5 12. Rhe1 Nfxe4 13. Nxe4 Bxh4 14. Nxd6+
Qxd6 15. Nf5 Qxf4+ 16. Qxf4 Bg5 17. Nxg7+ Kf8 18. Nh5 Bxf4+ 19. Nxf4 Bd7 20.
Rf1 Ke7 21. Be2 Bc6 22. Bh5 Nd7 23. Rf2 Ne5 24. Rdf1 f6 25. b3 Rad8 26. Re1
Rhg8 27. a4 Rd6 28. Rfe2 Rgd8 29. h3 Rg8 30. Kb2 Rgd8 31. Kc1 Rg8 32. Kb2 Rg5
33. Kc1 Rd4 34. h4 Rg8 35. Rf2 Rgd8 36. g3 Rg8 37. Re3 Re4 38. Rfe2 Rxe3 39.
Rxe3 Rd8 40. Ng6+ Nxg6 41. Bxg6 e5 42. Be4 Bxe4 43. Rxe4 Ke6 44. Rb4 Rd7 45. g4
h5 46. Rb6+ Kf7 47. g5 fxg5  1/2-1/2

[Event "M.Chigorin Memorial 2017 "]
[Site "?????-?????????"]
[Date "2017.10.25"]
[Round "5"]
[Board "108"]
[White "Sakorenko, Adriana"]
[Black "Runets, Ivan"]
[Result "0-1"]
[WhiteElo "2127"]
[BlackElo "1945"]
[PlyCount "72"]
[EventDate "2017.10.21"]
[EventRounds "9"]
[EventCountry "RUS"]

1. e4 c5 2. Nf3 e6 3. g3 Nc6 4. Bg2 d6 5. O-O Nf6 6. Qe2 Be7 7. c3 O-O 8. Rd1
e5 9. d4 Qc7 10. Bg5 Bg4 11. dxc5 dxc5 12. Nbd2 h6 13. Bxf6 Bxf6 14. Nc4 Be6
15. Ne3 Ne7 16. Nd5 Bxd5 17. exd5 Nf5 18. Bh3 Nd6 19. Nxe5 Rae8 20. f4 g6 21.
Re1 Re7 22. Qf1 Rfe8 23. Nf3 Qb6 24. Qg2 c4+ 25. Kf1 Qb5 26. Rxe7 Rxe7 27. Re1
Qxd5 28. Rxe7 Bxe7 29. Nd2 Qb5 30. Ne4 Qa4 31. Nxd6 Qd1+ 32. Kf2 Bxd6 33. Qe4
Bc5+ 34. Kg2 Qg1+ 35. Kf3 Qf2+ 36. Kg4 f5+  0-1

[Event "M.Chigorin Memorial 2017 "]
[Site "?????-?????????"]
[Date "2017.10.25"]
[Round "5"]
[Board "109"]
[White "Khalikov, Bulat"]
[Black "Zaykov, Sergey"]
[Result "0-1"]
[WhiteElo "1925"]
[BlackElo "2125"]
[PlyCount "86"]
[EventDate "2017.10.21"]
[EventRounds "9"]
[EventCountry "RUS"]

1. e4 Nf6 2. e5 Nd5 3. d4 d6 4. c4 Nb6 5. f4 dxe5 6. fxe5 Bf5 7. Nc3 e6 8. Be3
Be7 9. Nf3 f6 10. Qd2 Nc6 11. exf6 Bxf6 12. O-O-O Qe7 13. c5 Nd5 14. Nxd5 exd5
15. Bb5 O-O 16. Rhe1 Qe4 17. Bd3 Qxd3 18. Qxd3 Bxd3 19. Rxd3 Rae8 20. Bf2 Re4
21. Kd2 g5 22. Kc3 Rfe8 23. Rde3 Nxd4 24. Rxe4 Nxf3+ 25. Kc2 Nxe1+ 26. Rxe1
Rxe1 27. Bxe1 g4 28. h3 gxh3 29. gxh3 Kf7 30. b4 c6 31. a4 a6 32. b5 Ke6 33.
Kb3 Kf5 34. Kb4 Bd8 35. Bg3 Ke4 36. Kc3 Ba5+ 37. Kc2 axb5 38. axb5 Kd4 39. bxc6
bxc6 40. Bf2+ Kc4 41. Kd1 Bb4 42. Kc2 Bxc5 43. Be1 Be3  0-1

[Event "M.Chigorin Memorial 2017 "]
[Site "?????-?????????"]
[Date "2017.10.25"]
[Round "5"]
[Board "110"]
[White "Paramzina, Anastasya"]
[Black "Aga, Rihard"]
[Result "1/2-1/2"]
[WhiteElo "2123"]
[BlackElo "1842"]
[PlyCount "202"]
[EventDate "2017.10.21"]
[EventRounds "9"]
[EventCountry "RUS"]

1. e4 c6 2. d4 d5 3. Nd2 dxe4 4. Nxe4 Bf5 5. Ng3 Bg6 6. Nf3 Nd7 7. h4 h6 8. h5
Bh7 9. Bd3 Bxd3 10. Qxd3 e6 11. Bf4 Qa5+ 12. Bd2 Qc7 13. O-O-O Ngf6 14. Ne4
O-O-O 15. g3 Nxe4 16. Qxe4 Nf6 17. Qe2 Bd6 18. c4 c5 19. Bc3 cxd4 20. Nxd4 a6
21. Nb3 Qc6 22. Rh4 Be7 23. Bd4 Rd7 24. Kb1 Rhd8 25. Rc1 Ne8 26. Re4 Nd6 27.
Re5 Nf5 28. Bc3 Rc7 29. g4 Nh4 30. f4 g6 31. Be1 gxh5 32. Rxh5 Ng6 33. Bd2 Qd6
34. c5 Qd3+ 35. Qxd3 Rxd3 36. Rxh6 Rf3 37. Rh7 Bd8 38. Rc4 b5 39. Re4 Rf1+ 40.
Kc2 Rd7 41. a4 f5 42. Rxd7 Kxd7 43. Rd4+ Kc8 44. axb5 axb5 45. gxf5 exf5 46.
Rd5 Ne7 47. Re5 Kd7 48. Nd4 Bc7 49. Re6 Bxf4 50. Bxf4 Rxf4 51. Rd6+ Kc8 52. Kc3
Re4 53. Kd3 Re5 54. b4 Nd5 55. Nc6 Nxb4+ 56. Nxb4 Rxc5 57. Rf6 Kd7 58. Na6 Rd5+
59. Ke3 Ke7 60. Rb6 Rd6 61. Rb7+ Kf6 62. Nc7 Kg5 63. Rxb5 Rc6 64. Nd5 Ra6 65.
Rb3 Ra1 66. Rb6 Ra3+ 67. Kf2 Ra2+ 68. Kf3 Ra3+ 69. Ne3 f4 70. Rb5+ Kg6 71. Kxf4
Ra4+ 72. Kf3 Ra3 73. Ke4 Ra4+ 74. Kd5 Ra1 75. Rb6+ Kg7 76. Ke5 Re1 77. Rb7+ Kg6
78. Kf4 Ra1 79. Rb6+ Kf7 80. Kf5 Ra5+ 81. Ke4 Ra4+ 82. Ke5 Ra1 83. Rf6+ Ke7 84.
Nd5+ Kd7 85. Rd6+ Ke8 86. Nf4 Re1+ 87. Kf5 Ke7 88. Ra6 Rf1 89. Re6+ Kd7 90. Rf6
Kc7 91. Ke6 Re1+ 92. Kf7 Kd7 93. Nd3 Re7+ 94. Kg6 Re3 95. Nc5+ Ke7 96. Ra6 Re1
97. Kf5 Rf1+ 98. Ke5 Kf7 99. Ne4 Re1 100. Re6 Rxe4+ 101. Kxe4 Kxe6  1/2-1/2

[Event "M.Chigorin Memorial 2017 "]
[Site "?????-?????????"]
[Date "2017.10.25"]
[Round "5"]
[Board "111"]
[White "Zemnitskiy, Alexander"]
[Black "Patarin, Arnaud"]
[Result "1/2-1/2"]
[WhiteElo "2112"]
[BlackElo "1766"]
[PlyCount "95"]
[EventDate "2017.10.21"]
[EventRounds "9"]
[EventCountry "RUS"]

1. c4 e5 2. g3 Nc6 3. Bg2 Bc5 4. e3 d6 5. a3 a6 6. b4 Ba7 7. Bb2 Nf6 8. Nc3 O-O
9. Nge2 Ne7 10. d4 Ng6 11. Qd2 c6 12. O-O Be6 13. d5 cxd5 14. Nxd5 Nxd5 15.
Bxd5 Qe7 16. Rfd1 Rac8 17. Rac1 Bb8 18. Nc3 Kh8 19. Na4 Rcd8 20. Nc3 Bg4 21.
Re1 Bc8 22. Bg2 f5 23. Nd5 Qf7 24. f4 Ne7 25. Nxe7 Qxe7 26. Bd5 Be6 27. Red1
Bxd5 28. cxd5 Rfe8 29. Re1 Ba7 30. Kg2 Kg8 31. a4 Qd7 32. b5 axb5 33. Qa5 Bc5
34. fxe5 b6 35. Qxb5 Qxb5 36. axb5 dxe5 37. Rcd1 Re7 38. e4 Red7 39. Kf3 fxe4+
40. Kxe4 Bd4 41. Bxd4 exd4 42. Rc1 Rxd5 43. Rc8 Rxc8 44. Kxd5 Rc5+ 45. Kxd4
Rxb5 46. Re7 Rf5 47. Rb7 Rf6 48. Ke5  1/2-1/2

[Event "M.Chigorin Memorial 2017 "]
[Site "?????-?????????"]
[Date "2017.10.25"]
[Round "5"]
[Board "112"]
[White "Yakimenko, Viktoria"]
[Black "Korchagina, Viktoria"]
[Result "0-1"]
[WhiteElo "1922"]
[BlackElo "2110"]
[PlyCount "78"]
[EventDate "2017.10.21"]
[EventRounds "9"]
[EventCountry "RUS"]

1. e4 c5 2. Nf3 d6 3. d4 cxd4 4. Nxd4 Nf6 5. f3 Nc6 6. c4 Qb6 7. Nc2 e6 8. Nc3
Be7 9. Rb1 O-O 10. Be3 Qc7 11. Be2 Rd8 12. O-O d5 13. exd5 exd5 14. cxd5 Be6
15. Qc1 Nxd5 16. Nxd5 Bxd5 17. b3 Rac8 18. Qe1 Qe5 19. Qf2 Re8 20. Rfe1 Nb4 21.
Bc4 Nxc2 22. Qxc2 b5 23. Bf2 Qh5 24. Qd1 bxc4 25. g4 Qg5 26. h4 Qf4 27. Qxd5
Bd6 28. Kf1 Qh2 29. f4 Qh3+ 30. Qg2 Qd3+ 31. Kg1 c3 32. Rxe8+ Rxe8 33. Rc1 Qd2
34. Rf1 c2 35. Qc6 Rd8 36. Re1 Ba3 37. b4 Qxe1+ 38. Bxe1 c1=Q 39. Qe4 Bb2  0-1

[Event "M.Chigorin Memorial 2017 "]
[Site "?????-?????????"]
[Date "2017.10.25"]
[Round "5"]
[Board "113"]
[White "Kozyakov, Andrey"]
[Black "Lingur, Zalina"]
[Result "0-1"]
[WhiteElo "1727"]
[BlackElo "2108"]
[PlyCount "42"]
[EventDate "2017.10.21"]
[EventRounds "9"]
[EventCountry "RUS"]

1. e4 c5 2. Nf3 d6 3. d4 cxd4 4. Nxd4 Nf6 5. Nc3 a6 6. Be2 e5 7. Nb3 Be7 8. Be3
Be6 9. f3 Nbd7 10. Qd2 b5 11. g4 b4 12. Na4 Qc7 13. g5 Nh5 14. Qxb4 d5 15. Qa5
Qb8 16. Bd2 Nf4 17. exd5 Bxd5 18. c4 Bc6 19. Nc3 Bb4 20. Bxf4 Bxa5 21. Nxa5
exf4  0-1

[Event "M.Chigorin Memorial 2017 "]
[Site "?????-?????????"]
[Date "2017.10.25"]
[Round "5"]
[Board "114"]
[White "Krestin, Denis"]
[Black "Patel, Palak"]
[Result "1-0"]
[WhiteElo "2107"]
[BlackElo "1741"]
[PlyCount "107"]
[EventDate "2017.10.21"]
[EventRounds "9"]
[EventCountry "RUS"]

1. e4 c6 2. d4 d5 3. e5 Bf5 4. h4 h5 5. Be2 g6 6. Bd3 Bxd3 7. Qxd3 e6 8. Nf3
Ne7 9. Bg5 Nd7 10. Nc3 a6 11. O-O Qc7 12. b4 Nf5 13. Rfb1 Bg7 14. Ne2 a5 15. a3
axb4 16. axb4 O-O 17. c3 b5 18. Nd2 Nb6 19. f3 Rxa1 20. Rxa1 f6 21. exf6 Bxf6
22. g4 Bxg5 23. hxg5 hxg4 24. fxg4 Ne7 25. Kg2 e5 26. Qg3 Nd7 27. Nf3 c5 28.
bxc5 Nc6 29. dxe5 Ncxe5 30. Ned4 Qb8 31. c6 Nxf3 32. Nxf3 Nb6 33. Qxb8 Rxb8 34.
Nd4 Rc8 35. Ra6 Na8 36. Nxb5 Nc7 37. Nxc7 Rxc7 38. Kf3 Kf7 39. Ke3 Ke6 40. Kd4
Kd6 41. Ra5 Rxc6 42. Rxd5+ Ke6 43. Re5+ Kd6 44. Re8 Kd7 45. Rf8 Ke7 46. Rf6
Rxf6 47. gxf6+ Kxf6 48. Kd5 Ke7 49. Kc6 Kd8 50. Kd6 g5 51. c4 Kc8 52. c5 Kd8
53. c6 Kc8 54. c7  1-0

[Event "M.Chigorin Memorial 2017 "]
[Site "?????-?????????"]
[Date "2017.10.25"]
[Round "5"]
[Board "115"]
[White "Shmoilov, Dmitry"]
[Black "Biriukov, Oleg V."]
[Result "0-1"]
[WhiteElo "1962"]
[BlackElo "2336"]
[PlyCount "62"]
[EventDate "2017.10.21"]
[EventRounds "9"]
[EventCountry "RUS"]

1. d4 Nf6 2. c4 e6 3. g3 c5 4. d5 exd5 5. cxd5 d6 6. Nc3 g6 7. Nf3 Bg7 8. Bg2
O-O 9. O-O Re8 10. Bf4 h6 11. h3 a6 12. a4 Bf5 13. Nd2 g5 14. e4 Bxe4 15. Bxg5
hxg5 16. Ndxe4 Nxe4 17. Nxe4 f5 18. Nd2 Nd7 19. Nc4 Ne5 20. Ne3 Qd7 21. Qc2 Rf8
22. f4 gxf4 23. gxf4 Ng6 24. Rf3 Kh8 25. Kh1 Bd4 26. Nc4 Rae8 27. Bf1 Nh4 28.
Rg3 Rg8 29. Qd3 Qe7 30. Rxg8+ Rxg8 31. Be2 Qg7  0-1

[Event "M.Chigorin Memorial 2017 "]
[Site "?????-?????????"]
[Date "2017.10.25"]
[Round "5"]
[Board "116"]
[White "Dushin, Nikolay"]
[Black "Klepikov, Nikita"]
[Result "0-1"]
[WhiteElo "1956"]
[BlackElo "2272"]
[PlyCount "88"]
[EventDate "2017.10.21"]
[EventRounds "9"]
[EventCountry "RUS"]

1. Nf3 Nf6 2. c4 g6 3. b3 Bg7 4. Bb2 d6 5. g3 e5 6. Bg2 O-O 7. d3 a5 8. O-O Na6
9. Nc3 Bd7 10. a3 Rb8 11. Qc2 Qe8 12. Nd2 Nh5 13. e3 f5 14. Ne2 Bc6 15. e4 f4
16. Bc3 Nc5 17. d4 exd4 18. Bxd4 Be5 19. Bf3 Ng7 20. Bxe5 dxe5 21. gxf4 exf4
22. Nd4 Bd7 23. b4 Nce6 24. Nxe6 Nxe6 25. Qc3 Ng5 26. Rfe1 Qe7 27. e5 Nxf3+ 28.
Nxf3 Rf5 29. b5 Rh5 30. Re4 Bh3 31. Kh1 Rf8 32. Rg1 Be6 33. Qc1 Qf7 34. Nd4 Rh4
35. f3 h6 36. Rg2 g5 37. Qe1 Kh8 38. Nxe6 Qxe6 39. Rd2 Rh3 40. Qd1 g4 41. Rd8
g3 42. Rxf4 Rxh2+ 43. Kg1 Rh1+ 44. Kg2 Qh3#  0-1

[Event "M.Chigorin Memorial 2017 "]
[Site "?????-?????????"]
[Date "2017.10.25"]
[Round "5"]
[Board "117"]
[White "Obgolts, Erik"]
[Black "Nikitin, Vladimir"]
[Result "1-0"]
[WhiteElo "2271"]
[BlackElo "1925"]
[PlyCount "55"]
[EventDate "2017.10.21"]
[EventRounds "9"]
[EventCountry "RUS"]

1. Nf3 Nf6 2. g3 g6 3. Bg2 Bg7 4. O-O O-O 5. d4 d6 6. a4 Nbd7 7. a5 e5 8. dxe5
dxe5 9. a6 e4 10. Ng5 Nc5 11. axb7 Bxb7 12. Qxd8 Rfxd8 13. Be3 Nfd7 14. Ra5 Bf8
15. b4 Na6 16. c3 f5 17. Ne6 Rdc8 18. Nxf8 Kxf8 19. Na3 c5 20. Nb5 Ke7 21. Bf4
Rc6 22. Rd1 cxb4 23. cxb4 Rb6 24. Be3 Rc6 25. Nxa7 Rc2 26. Bg5+ Ke6 27. Nb5 Rc4
28. Rd6+  1-0

[Event "M.Chigorin Memorial 2017 "]
[Site "?????-?????????"]
[Date "2017.10.25"]
[Round "5"]
[Board "118"]
[White "Makarian, Rudik"]
[Black "Rudikov, Dmitry"]
[Result "1-0"]
[WhiteElo "2263"]
[BlackElo "1943"]
[PlyCount "43"]
[EventDate "2017.10.21"]
[EventRounds "9"]
[EventCountry "RUS"]

1. Nf3 d5 2. g3 Nf6 3. Bg2 Bf5 4. O-O e6 5. c4 c6 6. cxd5 cxd5 7. Qb3 Qb6 8.
Qxb6 axb6 9. d3 Nc6 10. Nc3 h6 11. Bd2 Kd7 12. Rfd1 Bc5 13. a3 Ke7 14. Nb5 Rac8
15. b4 Bd6 16. Nxd6 Kxd6 17. b5 Na5 18. Bxa5 bxa5 19. e4 Bg6 20. e5+ Kc5 21.
exf6 gxf6 22. a4  1-0